000 00581nam a22001937a 4500
999 _c31766
_d31763
003 OSt
005 20190905081024.0
008 190905b ||||| |||| 00| 0 eng d
020 _a9781546216988
040 _aMMU
_beng
_cMMU
_dMMU
050 _aBJ122 .K364 2017
100 _aKathenge ,Jonathan
245 _aPhilosophy & ethics :
_bphilosophical approaches,critical thinking &critical analysis in ethics /
_cJonathan Kathenge
260 _aBloomingham :
_bAuthorhouse,
_c2017
300 _a59 p.:
500 _aIncludes index.
650 _aPhilosophy
942 _2lcc
_cLOAN LOAN